| 000 | 01146cam a2200241 4500 | ||
|---|---|---|---|
| 001 | WB3845-18 | ||
| 008 | 021205n2002 000 0 eng u | ||
| 035 | _a(Sirsi) u120683 | ||
| 245 | _aRICS responds to renting homes consultation | ||
| 260 | _c2002 | ||
| 490 |
_aRICS Residential Faculty News _v2 December 2002, (1) |
||
| 520 | _aRICS has responded to the Law Commission's second renting homes consultation on co-occupation, transfer and succession. The consultation deals with rights to succession and other matters relating to the transfer of agreements to rent homes, in particular replacing assignment and subletting. RICS response available at www.rics.org/ricscms/bin/show?class=Policy&template=/includes/showpolicy.html&id=729 Consultation paper available at www.lawcom.gov.uk/files/cp168.pdf Consultation summary available at www.lawcom.gov.uk/files/cp168sum.pdf | ||
| 590 | _aWB | ||
| 650 | _aRICS | ||
| 650 | _aLAW COMMISSION | ||
| 650 | _aRENTING | ||
| 650 | _aHOUSING LAW | ||
| 650 | _aTRANSFER | ||
| 650 | _aCO-OCCUPATION | ||
| 650 | _aSUCCESSION RIGHTS | ||
| 690 | _aPROPERTY-LANDLORD AND TENANT | ||
| 942 | _n0 | ||
| 999 |
_c71715 _d71715 |
||